| 000 | 00718nac a22001931u 4500 | ||
|---|---|---|---|
| 010 | _a 93026186 | ||
| 020 | _a0070048045 (alk. paper) | ||
| 082 | 0 | 0 |
_a621.3192 _bB1711 |
| 090 |
_c4092 _d4092 |
||
| 100 | _aBalabanian, Norman, | ||
| 245 | 1 | 0 |
_aElectric circuits / _cNorman Balabanian. |
| 260 |
_aNew York : _bMcGraw-Hill,1994 _c1994. |
||
| 300 |
_axxii, 725 p. : _bill. (some col.) ; _c25 cm. |
||
| 440 | 0 | _aMcGraw-Hill series in electrical and computer engineering. | |
| 500 | _aIncludes index. | ||
| 650 | 0 | _aElectric circuit analysis. | |
| 942 |
_cBB _k621.3192B1711 |
||
| 999 |
_c4092 _d4092 |
||